00589nam a2200157Ia 4500008004100000041000800041082001800049100001900067245009200086250000600178260005100184300001300235650002500248999001900273952013900292210716s2012 xx 000 0 und d aeng a658.3125 GOED aGoel, Dewakar. aPerformance appraisal and compensation management: a modern approach.bModern approach. a2 aNew DelhibPHI Learning private limited.c2012 axxiv,400 aPerformance Apprisal c208193d208193 001040708MBAaAIMITbAIMITd2013-10-10g350.00l1o658.3125 GOEDpMBA10759r2026-05-23 00:00:00s2024-01-29v262.50w2021-07-16yBK